000
00282nam a2200109Ia 4500
008
230907s9999||||xx |||||||||||||| ||und||
082
_a
158.3
_b
ROG
245
0
_a
Coaching skills :
260
_a
Open University Press, McGraw-Hill,
_b
England :
_c
2016
300
_a
319 p.
942
_c
BK
999
_c
600921
_d
600921